Mira; (Record no. 209766)
[ view plain ]
| 000 -LEADER | |
|---|---|
| fixed length control field | 00504nam a22001937a 4500 |
| 005 - DATE AND TIME OF LATEST TRANSACTION | |
| control field | 20250225154828.0 |
| 010 ## - LCCN (DPL NO) | |
| LC control number | ENG-143930 |
| 020 ## - INTERNATIONAL STANDARD BOOK NUMBER | |
| Terms of availability | 150.00 |
| International Standard Book Number | 9789389810400 |
| 035 ## - SYSTEM CONTROL NUMBER | |
| System control number | EN-127462 |
| 037 ## - SOURCE OF ACQUISITION | |
| Source of stock number/acquisition | DBAD/PUB |
| 082 ## - DEWEY DECIMAL CLASSIFICATION NUMBER | |
| Classification number | 239 |
| 100 ## - MAIN ENTRY--PERSONAL NAME | |
| Personal name | Sethi, V. K. |
| 245 ## - TITLE STATEMENT | |
| Title | Mira; |
| Statement of responsibility, etc | by V. K. Sethi, |
| Remainder of title | The Divine Lover/ |
| 250 ## - EDITION STATEMENT | |
| Edition statement | 01 |
| 260 ## - PUBLICATION, DISTRIBUTION, ETC. (IMPRINT) | |
| Place of publication, distribution, etc | Punjab |
| Name of publisher, distributor, etc | Radha Soami Satsang Beas |
| Date of publication, distribution, etc | 2024 |
| 270 ## - ADDRESS | |
| City | Punjab |
| 300 ## - PHYSICAL DESCRIPTION | |
| Extent | 227p.g |
| Dimensions | 22cm(pbk) |
| 942 ## - ADDED ENTRY ELEMENTS (KOHA) | |
| Source of classification or shelving scheme | Dewey Decimal Classification |
| Item type | English Books |
| Classification part | 239 |
| Call number suffix | SET |
| Withdrawn status | Lost status | Not for loan | Collection code | Home library | Current library | Date acquired | Source of acquisition | Cost, normal purchase price | Full call number | Barcode | Cost, replacement price | Koha item type |
|---|---|---|---|---|---|---|---|---|---|---|---|---|
| Non-fiction | Central Library | Central Library | 25/02/2025 | DBAD/PUB | 150.00 | 239 SET | EN-127462 | 150.00 | English Books |
